[Event "Valby K41 op 0607"]
[Site "Valby"]
[Date "2007.01.09"]
[Round "5"]
[White "Lichtenberg, Ivan"]
[Black "Edholm, Tommy"]
[Result "1-0"]
[WhiteElo "1258"]
[BlackElo "1138"]
[PlyCount "66"]
[EventDate "2006.11.14"]
[EventType "swiss"]
[EventRounds "9"]
[EventCountry "DEN"]
[SourceTitle "EXT 2018"]
[Source "ChessBase"]
[SourceDate "2017.10.13"]
[SourceVersion "1"]
[SourceVersionDate "2017.10.13"]
[SourceQuality "1"]

1. e4 e5 2. Nf3 Nc6 3. Bb5 a6 4. Ba4 Nf6 5. 0-0 Be7 6. Re1 b5 7. Bb3 0-0 8. c3 d6 9. h3 Re8 10. d4 Bf8 11. Bg5 Be7 12. Nbd2 Nh5 13. Bxe7 Qxe7 14. Nxe5 dxe5 15. Qxh5 g6 16. Qh6 exd4 17. Nf3 Qf8 18. Qxf8+ Kxf8 19. cxd4 Bb7 20. d5 Na5 21. Bc2 Nc4 22. b3 Ne5 23. Nd2 Rad8 24. f4 Nd7 25. b4 Nb6 26. Bb3 c6 27. dxc6 Bxc6 28. Rac1 Bb7 29. Rc7 Rxd2 30. Rxb7 Na4 31. Rxf7+ Kg8 32. Rd7+ Kf8 33. Rxd2 Nc3 1-0

[Event "Valby K41 op 0607"]
[Site "Valby"]
[Date "2007.01.02"]
[Round "4"]
[White "Edholm, Tommy"]
[Black "Krogh, Soren"]
[Result "1-0"]
[WhiteElo "1138"]
[BlackElo "1183"]
[PlyCount "101"]
[EventDate "2006.11.14"]
[EventType "swiss"]
[EventRounds "9"]
[EventCountry "DEN"]
[SourceTitle "EXT 2018"]
[Source "ChessBase"]
[SourceDate "2017.10.13"]
[SourceVersion "1"]
[SourceVersionDate "2017.10.13"]
[SourceQuality "1"]

1. e4 c6 2. Nf3 d5 3. exd5 cxd5 4. d4 Bf5 5. Bb5+ Nc6 6. 0-0 e6 7. Ne5 Rc8 8. Re1 Nf6 9. Nd2 Bd6 10. Ndf3 0-0 11. c3 a6 12. Nxc6 bxc6 13. Bxa6 Rb8 14. b3 Bg4 15. Be2 Ne4 16. Qc2 Bxf3 17. Bxf3 Qh4 18. g3 Qh3 19. c4 f5 20. Bg2 Qh5 21. cxd5 cxd5 22. Qd3 Rf6 23. Be3 g5 24. Rac1 f4 25. Bxe4 fxe3 26. Bxh7+ Kh8 27. Rxe3 Qxh7 28. Qxh7+ Kxh7 29. Kg2 Rbf8 30. Re2 Bb4 31. Rc6 g4 32. Rcxe6 Rf3 33. R6e5 Bc3 34. Rxd5 Rd3 35. Rd7+ Kg6 36. d5 Bb4 37. Ra7 Rxd5 38. Ra4 Bd6 39. Rxg4+ Kh7 40. Ra4 Rdf5 41. f4 Bc5 42. b4 Bd4 43. Kf3 Bb6 44. Re7+ Kg8 45. Ra6 Bd4 46. a4 Bc3 47. b5 Bb4 48. Rd7 Rc5 49. Raa7 Bc3 50. b6 Rb8 51. b7 1-0